| 000 | 00774nam a22002297a 4500 | ||
|---|---|---|---|
| 003 | OSt | ||
| 005 | 20250616144313.0 | ||
| 008 | 250616b |||||||| |||| 00| 0 eng d | ||
| 020 | _a9781522559214 | ||
| 040 |
_aKABU _cKABU |
||
| 050 |
_aHD9665.5 _b.G57 2019 |
||
| 245 |
_aGlobal supply chains in the pharmaceutical industry / _cedited by Hamed Nozari & Agnieszka Szmelter |
||
| 260 |
_aHershey PA, USA: _bIGI Global, _c2019 |
||
| 300 | _axxv, 373p. | ||
| 440 | _a A volume in the Advances in Logistics, operations and management science (ALOMS) book series | ||
| 500 | _aIncludes index | ||
| 650 |
_aPharmaceutical industry _xmanagement |
||
| 650 | _aBusiness logistics | ||
| 700 |
_aNozari, Hamed _eEditor |
||
| 700 |
_aSzmelter, Agnieszka _eEditor |
||
| 942 |
_2lcc _cBK |
||
| 999 |
_c20738 _d20737 |
||